Sports Quiz

Random Sports or World Quiz

FIFA World Cup Captains in Multiple Tournaments Quiz Stats

 Plays Quiz not verified by Sporcle

Challenge
Share
Tweet
Embed
Score 0/71 Timer 10:00
0 Plays Today
# of games captain Player % Correct
16Diego Maradona
96%
14Paolo Maldini
88.1%
11Michel Platini
87.3%
11Cafu
85.7%
12Lothar Matthäus
85.7%
10Fabio Cannavaro
84.9%
10David Beckham
84.9%
14Dino Zoff
82.5%
9Iker Casillas
81.7%
11Dunga
81.7%
9Bobby Moore
77.8%
9Gheorghe Hagi
75.4%
4Didier Drogba
69.8%
10Rafael Márquez
68.3%
8Oliver Kahn
66.7%
10Carlos Valderrama
66.7%
10Karl Heinz Rummenigge
62.7%
12Daniel Passarella
61.9%
12Uwe Seeler
50%
7Andoni Zubizarreta
46.8%
5Peter Shilton
46.8%
6José Luis Chilavert
46%
2Davor Šuker
43.7%
10Billy Wright
42.9%
2Gabriel Batistuta
41.3%
3Bryan Robson
41.3%
4Marcel Desailly
38.9%
2Enzo Scifo
38.1%
7Toni Polster
36.5%
7Claudio Reyna
32.5%
9Jan Ceulemans
32.5%
6Lucas Radebe
29.4%
5Dejan Stanković
28.6%
7Tony Meola
27%
13Kazimierz Deyna
23.8%
9Giacinto Facchetti
23.8%
# of games captain Player % Correct
4Carlos Gamarra
22.2%
4Graeme Souness
22.2%
5Eric Gerets
19.8%
5Marius Tresor
19.8%
4Viktor Onopko
19%
2Miguel Ángel Nadal
18.3%
2Sami Al-Jaber
16.7%
9Bellini
16.7%
4Iván Hurtado
14.3%
7Obdulio Varela
12.7%
4Peter Rufai
11.1%
3Francisco Gento
10.3%
10Hector Chumpitaz
9.5%
4Jozsef Bozsik
8.7%
6Antonio Carbajal
7.1%
5Igor Netto
6.3%
6Frantisek Planicka
6.3%
2Roger Marche
5.6%
10Hans Schäfer
4%
5Tsuneyasu Miyamoto
3.2%
11Ladislav Novak
3.2%
6Robert Jonquet
3.2%
7Stephen Tataw
2.4%
6Bjorn Nordqvist
2.4%
7Horacio Troche
1.6%
5Fritz Szepan
1.6%
3Rajko Mitic
0.8%
2Puck Van Heel
0.8%
3Temime Lakhzami
0%
9Albert Shesternyov
0%
4Boris Gaganelov
0%
4Roger Bocquet
0%
4Severino Minelli
0%
4Martim
0%
3Emerich Vogl
0%

You're not logged in!

Compare scores with friends on all Sporcle quizzes.
Join for Free
OR
Log In

You Might Also Like...

Show Comments

Extras

Top Quizzes Today


Score Distribution

Your Account Isn't Verified!

In order to create a playlist on Sporcle, you need to verify the email address you used during registration. Go to your Sporcle Settings to finish the process.

Report this User

Report this user for behavior that violates our Community Guidelines.

Details: